The future of renting (Record no. 108364)

MARC details
000 -LEADER
fixed length control field 01244cad a22002055a 4500
001 - CONTROL NUMBER
control field L144050
008 - FIXED-LENGTH DATA ELEMENTS--GENERAL INFORMATION
fixed length control field 090613s2008 xxko f 000 0 eng d
035 ## - SYSTEM CONTROL NUMBER
System control number (Sirsi) u144050
041 0# - LANGUAGE CODE
Language code of text/sound track or separate title eng
050 04 - LIBRARY OF CONGRESS CALL NUMBER
Classification number 306 $2 18
110 2# - MAIN ENTRY--CORPORATE NAME
Corporate name or jurisdiction name as entry element British Property Federation
9 (RLIN) 1604
245 04 - TITLE STATEMENT
Title The future of renting
Remainder of title a response to the CLG review of the private rented sector
Medium [electronic resource]
260 ## - PUBLICATION, DISTRIBUTION, ETC.
Place of publication, distribution, etc. London
Name of publisher, distributor, etc. BPF
Date of publication, distribution, etc. 2008
520 ## - SUMMARY, ETC.
Summary, etc. Written as a response to Government's Rugg Review of the rented sector, the report calls for a radical restructuring of the housing market by ensuring renewed investment to allow for new stock to be developed. The BPF wants the government to stimulate investment by: widening the definition of affordable housing to allow developers to build market rentals; giving special planning treatment for rental-only developments; cutting stamp duty rules that unduly penalise larger investors; changing the REITs (Real Estate Investment Trust) structure to open it up to housing, as originally intended.
590 ## - LOCAL NOTE (RLIN)
Local note KA NTK
650 24 - SUBJECT ADDED ENTRY--TOPICAL TERM
Topical term or geographic name entry element Affordable housing
9 (RLIN) 6215
651 #4 - SUBJECT ADDED ENTRY--GEOGRAPHIC NAME
Geographic name United Kingdom
Chronological subdivision
690 ## - LOCAL SUBJECT ADDED ENTRY--TOPICAL TERM (OCLC, RLIN)
Topical term or geographic name as entry element PROPERTY-RESIDENTIAL PROPERTY-RESIDENTIAL PROPERTY TENURE-LEASEHOLD RESIDENTIAL PROPERTY
942 ## - ADDED ENTRY ELEMENTS (KOHA)
Suppress in OPAC 0
Holdings
Withdrawn status Lost status Source of classification or shelving scheme Damaged status Not for loan Home library Current library Shelving location Date acquired Total Checkouts Full call number Barcode Date last seen Copy number Price effective from Koha item type
    Dewey Decimal Classification     Virtual Virtual Online 12/06/2008   ONLINE PUBLICATION 144050-2001 06/08/2019 1 06/08/2019 Book